| 000 | 00418nam a22001457a 4500 | ||
|---|---|---|---|
| 003 | SGT | ||
| 082 |
_a616.07 _bS23R |
||
| 100 | _aROHILLA, MANISHA | ||
| 245 | _aSTUDY OF THE ROLE OF SCARPE CYTOLOGY IN FRESHLY BIOPSIED SPECIMENS OF NEOPLASTIC BREAST LESION AND ITS HISTOPATHOLOGICAL CORRELATION | ||
| 260 |
_aGURUGRAM _bSGT UNIVERSITY _c2023 |
||
| 300 | _a67 | ||
| 650 | _aPATHOLOGY | ||
| 653 | _aM.D | ||
| 942 |
_2ddc _cTH |
||
| 999 |
_c26603 _d26603 |
||